000 00683nam a2200277Ia 4500
005 20260324124523.0
008 008 260324s9999 xx 000 0 eng d
020 _a9780203860960
037 _aEBOOK
040 _aCRL
040 _beng
040 _cCRL
041 _2eng
041 _aeng
084 _qCRL
100 _aClaire Aitchison; Barbara Kamler; Alison Lee
_91174473
245 0 _aPublishing Pedagogies for the Doctorate and Beyond
260 _bTaylor and Francis
260 _c2010
365 _a
365 _b205
856 _uhttp://www.taylorfrancis.com/books/9780203860960
942 _cEBOOK
999 _c1768908
_d1768908